000 00607nam a22001937a 4500
999 _c62207
_d62207
005 20240801172025.0
008 240801s2008 en ||||| |||| 00| 0 eng d
020 _a9788184481242 X
041 _aeng
080 _a577.1+61 V-30
100 _a Vasudevan, DM
_d Author:
_923042
245 _a Textbook of biochemistry for medical students /
_cDM Vasudevan
250 _a5th ed
264 _aNew Delhi :
_bJaypee,
_c2008.
300 _axvi, 535 pages :
_billustrations ;
_c 28 cm.
653 _a Biochemistry Biochimie biochemistry
653 _aბიოქიმია
942 _2udc
_cᲬᲘᲒᲜᲘ